[Event "RSSS-ch"]
[Site "Ekaterinburg"]
[Date "2014.09.29"]
[Round "7"]
[White "Maleev, Pavel"]
[Black "Kurzykov, Andrey"]
[Result "0-1"]
[WhiteElo "2279"]
[BlackElo "2171"]
[PlyCount "50"]
[EventDate "2014.09.23"]
[EventType "swiss"]
[EventRounds "9"]
[EventCountry "RUS"]
[SourceTitle "EXT 2015"]
[Source "ChessBase"]
[SourceDate "2014.11.20"]
[SourceVersion "1"]
[SourceVersionDate "2014.11.20"]
[SourceQuality "1"]

1. e4 c5 2. c3 g6 3. d4 cxd4 4. cxd4 d5 5. exd5 Nf6 6. Nc3 Nxd5 7. Bc4 Nb6 8. Bb3 Bg7 9. Nf3 0-0 10. Ne5 Nc6 11. Nxc6 bxc6 12. Ne2 Ba6 13. 0-0 e5 14. dxe5 Qxd1 15. Bxd1 Bxe5 16. Re1 Rfe8 17. Be3 Bxb2 18. Rb1 Bf6 19. Bb3 Nd5 20. Rbc1 Nxe3 21. fxe3 Rxe3 22. Rxc6 Bd4 23. Nxd4 Rxe1+ 24. Kf2 Rf1+ 25. Kg3 Bb7 0-1

[Event "Satka Governor Cup"]
[Site "Satka"]
[Date "2011.08.19"]
[Round "5"]
[White "Kurzykov, Andrey"]
[Black "Aulia, Medina Warda"]
[Result "1/2-1/2"]
[WhiteElo "2188"]
[BlackElo "2058"]
[PlyCount "91"]
[EventDate "2011.08.16"]
[EventType "swiss"]
[EventRounds "9"]
[EventCountry "RUS"]
[SourceTitle "CBM 144 Extra"]
[Source "ChessBase"]
[SourceDate "2011.10.28"]
[SourceVersion "1"]
[SourceVersionDate "2011.10.28"]
[SourceQuality "1"]

1. d4 Nf6 2. Nf3 e6 3. c4 d5 4. g3 Be7 5. Bg2 0-0 6. 0-0 dxc4 7. Qc2 b5 8. a4 b4 9. Ne5 Qxd4 10. Bxa8 Qxe5 11. Bf3 Ba6 12. Bf4 Qa5 13. Nd2 b3 14. Qc1 Qb4 15. Nb1 Nd5 16. Bd2 Qc5 17. Be3 Qa5 18. Bd2 Qc5 19. Rd1 Nc6 20. Be3 Nxe3 21. Qxe3 Qxe3 22. fxe3 Nb4 23. Na3 Bf6 24. Rab1 Nc2 25. Nb5 Bxb5 26. axb5 Rb8 27. Rd7 Be5 28. Kf2 g6 29. Bc6 Nb4 30. Kf3 Nxc6 31. bxc6 Rb6 32. Ke4 f6 33. Rd8+ Kg7 34. Rd7+ Kh6 35. g4 Rxc6 36. h4 Bg3 37. g5+ fxg5 38. hxg5+ Kxg5 39. Rxh7 Kg4 40. Rf7 Rc5 41. Rg7 Re5+ 42. Kd4 c5+ 43. Kxc4 Rxe3 44. Rxa7 Rxe2 45. Rg7 g5 46. Kxb3 1/2-1/2

[Event "Satka Governor Cup"]
[Site "Satka"]
[Date "2011.08.16"]
[Round "1"]
[White "Kurzykov, Andrey"]
[Black "Riabinova, Anna"]
[Result "1-0"]
[WhiteElo "2188"]
[BlackElo "1869"]
[PlyCount "145"]
[EventDate "2011.08.16"]
[EventType "swiss"]
[EventRounds "9"]
[EventCountry "RUS"]
[SourceTitle "CBM 144 Extra"]
[Source "ChessBase"]
[SourceDate "2011.10.28"]
[SourceVersion "1"]
[SourceVersionDate "2011.10.28"]
[SourceQuality "1"]

1. d4 Nf6 2. Nf3 g6 3. g3 Bg7 4. Bg2 0-0 5. 0-0 d6 6. c4 Nbd7 7. Nc3 e5 8. e4 c6 9. h3 Qc7 10. Be3 a6 11. Rc1 Rb8 12. dxe5 dxe5 13. c5 Rd8 14. Qc2 Nf8 15. Rfd1 Be6 16. b3 Nh5 17. Qe2 Rxd1+ 18. Rxd1 Rd8 19. Nd2 Qc8 20. Kh2 Qc7 21. Na4 Nd7 22. Nc4 Bxc4 23. Qxc4 Bf6 24. Nb6 Be7 25. Nxd7 Rxd7 26. Rxd7 Qxd7 27. Qc3 Qc7 28. Bc1 Bf6 29. h4 Qe7 30. Bh3 Ng7 31. Qc4 Kf8 32. Be3 Ke8 33. a4 Qc7 34. b4 Ke7 35. b5 axb5 36. axb5 cxb5 37. Qxb5 Qc6 38. Qb4 Ne6 39. Bf1 Nc7 40. Bc4 Ke8 41. Bb3 Ke7 42. Bd5 Qb5 43. Qxb5 Nxb5 44. Bxb7 Nc7 45. Bd5 Bg7 46. Bd2 f6 47. Ba5 Kd7 48. Bg8 h6 49. Bxc7 Kxc7 50. Bd5 Bf8 51. c6 Bd6 52. f3 Kd8 53. h5 gxh5 54. Kh3 Ke7 55. Kh4 Kf8 56. Kxh5 Kg7 57. Be6 Bc7 58. Bd7 Bb8 59. Kg4 Kf7 60. Kf5 Bc7 61. Be6+ Ke7 62. Bc8 Kf7 63. Ba6 Bd8 64. Bc4+ Ke7 65. Kg6 Kd6 66. Bd5 Kc7 67. Kxh6 Be7 68. Kg6 Bd6 69. Kf5 Be7 70. g4 Bd6 71. f4 exf4 72. e5 fxe5 73. g5 1-0

[Event "Moscow op-E"]
[Site "Moscow"]
[Date "2011.02.06"]
[Round "9.74"]
[White "Kurzykov, Andrey"]
[Black "Filipenko, Alexander V"]
[Result "1-0"]
[WhiteElo "2176"]
[BlackElo "2357"]
[PlyCount "145"]
[EventDate "2011.01.29"]
[EventType "swiss"]
[EventRounds "9"]
[EventCountry "RUS"]
[SourceTitle "EXT 2022"]
[Source "ChessBase"]
[SourceDate "2021.10.06"]
[SourceVersion "1"]
[SourceVersionDate "2021.10.06"]
[SourceQuality "1"]

1. d4 d5 2. Nf3 Nf6 3. c4 c6 4. cxd5 cxd5 5. Nc3 Nc6 6. Bf4 e6 7. e3 Nh5 8. Bg5 Qb6 9. Bb5 h6 10. Bh4 Bd7 11. 0-0 g6 12. Qe2 a6 13. Bd3 g5 14. Bg3 Nxg3 15. hxg3 Bg7 16. a3 Qd8 17. e4 0-0 18. Rad1 g4 19. Ne5 Nxe5 20. dxe5 d4 21. Nb1 h5 22. f4 gxf3 23. gxf3 Qg5 24. Kf2 f6 25. exf6 h4 26. gxh4 Qxh4+ 27. Kg2 Rxf6 28. e5 Qg5+ 29. Kf2 Qh4+ 30. Kg2 Rf4 31. Rh1 Qg5+ 32. Kf2 Rh4 33. Rdg1 Qh6 34. Rxh4 Qxh4+ 35. Rg3 Kf7 36. Nd2 Bh6 37. Qe4 Bf4 38. Qg6+ Ke7 39. Qg7+ Kd8 40. Qf8+ Be8 41. Qd6+ Kc8 42. Qc5+ Bc6 43. Qf8+ Be8 44. Qxe8+ Kc7 45. Qf7+ Kb6 46. Qxe6+ Ka7 47. Qg4 Bxg3+ 48. Qxg3 Qh1 49. Qf4 Rh8 50. Qxd4+ Ka8 51. Nf1 Rg8 52. Qe4 Qg2+ 53. Ke3 Qxb2 54. Qd5 Qb6+ 55. Qd4 Qc7 56. Nd2 Rd8 57. Qe4 Qc5+ 58. Ke2 Rh8 59. Nf1 Qxa3 60. e6 Rg8 61. f4 Qb2+ 62. Nd2 Rh8 63. e7 Re8 64. Bxa6 Kb8 65. Bc4 Qg7 66. Qe5+ Qxe5+ 67. fxe5 Rxe7 68. Nf3 Kc7 69. Ke3 Kc6 70. Ke4 b5 71. Bb3 Kc5 72. e6 Kb4 73. Bd5 1-0

[Event "Moscow op-E"]
[Site "Moscow"]
[Date "2011.02.05"]
[Round "8.122"]
[White "Tologontegin, Semetey"]
[Black "Kurzykov, Andrey"]
[Result "0-1"]
[WhiteElo "2331"]
[BlackElo "2176"]
[PlyCount "45"]
[EventDate "2011.01.29"]
[EventType "swiss"]
[EventRounds "9"]
[EventCountry "RUS"]
[SourceTitle "EXT 2022"]
[Source "ChessBase"]
[SourceDate "2021.10.06"]
[SourceVersion "1"]
[SourceVersionDate "2021.10.06"]
[SourceQuality "1"]

1. d4 d5 2. c4 c6 3. Nf3 Nf6 4. e3 Bf5 5. Nc3 e6 6. Nh4 Bg4 7. Qb3 Qb6 8. Bd2 Nbd7 9. h3 Bh5 10. g4 Bg6 11. Nxg6 hxg6 12. Bg2 Be7 13. 0-0 g5 14. Rfe1 Rd8 15. Rad1 Qxb3 16. axb3 Nb6 17. c5 Nbd7 18. f4 Ng8 19. e4 gxf4 20. exd5 cxd5 21. Bxf4 Nf8 22. b4 a6 23. Ne2 0-1

[Event "Moscow op-E"]
[Site "Moscow"]
[Date "2011.01.31"]
[Round "3.57"]
[White "Kurzykov, Andrey"]
[Black "Gabrielian, Artur"]
[Result "1/2-1/2"]
[WhiteElo "2176"]
[BlackElo "2543"]
[PlyCount "74"]
[EventDate "2011.01.29"]
[EventType "swiss"]
[EventRounds "9"]
[EventCountry "RUS"]
[SourceTitle "EXT 2022"]
[Source "ChessBase"]
[SourceDate "2021.10.06"]
[SourceVersion "1"]
[SourceVersionDate "2021.10.06"]
[SourceQuality "1"]

1. d4 Nf6 2. Nf3 g6 3. g3 Bg7 4. Bg2 0-0 5. 0-0 d5 6. c4 dxc4 7. Na3 c3 8. bxc3 c5 9. e3 Nc6 10. Qe2 Bf5 11. Bb2 e5 12. Nc4 e4 13. Nfe5 Nxe5 14. Nxe5 h5 15. Qb5 Qc7 16. Qxc5 Qxc5 17. dxc5 Rfc8 18. Nc4 Rxc5 19. Nd6 Be6 20. c4 Rc7 21. c5 Rd8 22. Rad1 Rcd7 23. Rc1 Bxa2 24. Ra1 Bd5 25. Rxa7 b6 26. Rxd7 Rxd7 27. Bxf6 Bxf6 28. Nxe4 Bxe4 29. Bxe4 bxc5 30. Rc1 Be7 31. Rc2 f5 32. Bf3 Kf7 33. Kf1 Kf6 34. Ke2 Ke5 35. h4 Ra7 36. Bc6 Ra6 37. Bb5 Rb6 1/2-1/2

[Event "Moscow op-E"]
[Site "Moscow"]
[Date "2011.01.30"]
[Round "2.49"]
[White "Stukopin, Andrey"]
[Black "Kurzykov, Andrey"]
[Result "1/2-1/2"]
[WhiteElo "2462"]
[BlackElo "2176"]
[PlyCount "120"]
[EventDate "2011.01.29"]
[EventType "swiss"]
[EventRounds "9"]
[EventCountry "RUS"]
[SourceTitle "EXT 2022"]
[Source "ChessBase"]
[SourceDate "2021.10.06"]
[SourceVersion "1"]
[SourceVersionDate "2021.10.06"]
[SourceQuality "1"]

1. e4 c5 2. Nf3 Nc6 3. Nc3 g6 4. d4 cxd4 5. Nxd4 Bg7 6. Be3 Nf6 7. Bc4 0-0 8. Bb3 a5 9. 0-0 d6 10. f3 Nxd4 11. Bxd4 Bd7 12. a4 Bc6 13. Qd2 Nd7 14. Be3 Rc8 15. Rfd1 Qc7 16. Qf2 Rfd8 17. h4 b6 18. h5 Nc5 19. Ra3 Qd7 20. Bd4 Qe8 21. Bxg7 Kxg7 22. Qd4+ f6 23. hxg6 hxg6 24. Bd5 Bd7 25. b3 Ne6 26. Qe3 Nc5 27. Raa1 Qh8 28. Bc4 Be6 29. Nd5 Bxd5 30. exd5 Rc7 31. Rd4 Qh5 32. Re1 Rh8 33. Bb5 Qh2+ 34. Kf2 Rh4 35. Bc6 Rxd4 36. Qxd4 Qh5 37. Bb5 g5 38. Re2 Qg6 39. Bc4 Qh5 40. Bb5 Kf7 41. Kg1 Rc8 42. Qe3 Rc7 43. Qd4 Rc8 44. c3 Nxb3 45. Qe3 Rc7 46. Bd7 e5 47. dxe6+ Ke7 48. Rb2 Nc5 49. Rxb6 g4 50. Qd2 Nb7 51. Rb5 Nc5 52. Rb6 Nb7 53. fxg4 Qc5+ 54. Qd4 Nd8 55. Rb5 Qxd4+ 56. cxd4 Nxe6 57. Bxe6 Kxe6 58. Rxa5 Rc4 59. g5 fxg5 60. Rxg5 Rxa4 1/2-1/2

[Event "Zudov Memorial-A 6th"]
[Site "Nizhnij Tagil"]
[Date "2010.07.03"]
[Round "10"]
[White "Yuferev, Oleg"]
[Black "Kurzykov, Andrey"]
[Result "0-1"]
[WhiteElo "2353"]
[BlackElo "2078"]
[PlyCount "118"]
[EventDate "2010.06.25"]
[EventType "tourn"]
[EventRounds "11"]
[EventCountry "RUS"]
[EventCategory "3"]
[SourceTitle "EXT 2011"]
[Source "ChessBase"]
[SourceDate "2010.11.26"]
[SourceVersion "1"]
[SourceVersionDate "2010.11.26"]
[SourceQuality "1"]

1. Nf3 d5 2. d4 Nf6 3. c4 c6 4. Qc2 g6 5. Bf4 Na6 6. a3 Bf5 7. Qb3 Qb6 8. Nbd2 Qxb3 9. Nxb3 dxc4 10. Na5 Nd5 11. Bd2 b5 12. Nxc6 Nb6 13. Bc3 Be4 14. Na5 Rd8 15. Ne5 Nb8 16. f3 Ba8 17. e4 f6 18. Ng4 h5 19. Ne3 Bh6 20. Kf2 Na4 21. g3 Kf7 22. Bg2 Nc6 23. Nxc6 Bxc6 24. f4 Nxc3 25. bxc3 e5 26. fxe5 fxe5 27. Rhd1 Ke7 28. Nc2 Rhf8+ 29. Ke2 Bg7 30. Nb4 Bb7 31. d5 a5 32. Nc2 a4 33. Bh3 Kd6 34. Rab1 Kc5 35. Ne1 g5 36. Be6 Rf6 37. Nc2 Rdf8 38. Rf1 Rxf1 39. Rxf1 Rxf1 40. Kxf1 Bf8 41. Kg2 Be7 42. Bf7 h4 43. Be6 Kb6 44. Kf3 Kc7 45. Kg4 Kd6 46. Kf5 Bd8 47. Kg6 hxg3 48. hxg3 Ba5 49. Kxg5 Bxc3 50. Kf6 b4 51. axb4 Ba6 52. g4 Bd2 53. g5 Bxg5+ 54. Kxg5 c3 55. Na3 Bd3 56. Kf5 c2 57. Nxc2 Bxc2 58. b5 Bd3 59. b6 Ba6 0-1

[Event "RUS-ch U14"]
[Site "Dagomys"]
[Date "2009.04.23"]
[Round "9"]
[White "Sanzhaev, Darsen"]
[Black "Kurzykov, Andrey"]
[Result "1/2-1/2"]
[WhiteElo "2120"]
[BlackElo "2035"]
[PlyCount "76"]
[EventDate "2009.04.15"]
[EventType "swiss"]
[EventRounds "9"]
[EventCountry "RUS"]
[SourceTitle "CBM 130 Extra"]
[Source "ChessBase"]
[SourceDate "2009.07.02"]
[SourceVersion "2"]
[SourceVersionDate "2009.07.15"]
[SourceQuality "1"]

1. d4 d5 2. c4 c6 3. Nc3 Nf6 4. e3 e6 5. Nf3 Nbd7 6. Bd3 Bd6 7. 0-0 0-0 8. e4 dxe4 9. Nxe4 Nxe4 10. Bxe4 h6 11. Bc2 e5 12. Qd3 f5 13. c5 Bc7 14. Qc4+ Kh8 15. dxe5 Nxe5 16. Nxe5 Bxe5 17. Be3 Qf6 18. f4 Bxb2 19. Rad1 Be6 20. Qb3 Qc3 21. Qxc3 Bxc3 22. Rd3 Bf6 23. Rfd1 Rae8 24. Kf2 Rf7 25. Bb3 Bxb3 26. Rxb3 Rfe7 27. Kf3 Kh7 28. Rdb1 Kg8 29. h3 g5 30. g4 fxg4+ 31. hxg4 Rd7 32. a4 Ree7 33. a5 Rf7 34. f5 a6 35. Rh1 Kg7 36. Re1 Bd8 37. Ra1 Bf6 38. Re1 Bd8 1/2-1/2